000 00945nam a2200277 i 4500
003 EG-GICUC
005 20260428122710.0
008 260428s1960 It |||fr|||| 00| 0 fre d
040 _aEG-GiCUC
_bfre
_cEG-GiCUC
_dEG-GiCUC
_eRda
082 0 4 _221
_a343.1
_bAL . C
092 0 4 _221
099 _aLaw1 10 343.1 AL . C 1960
100 1 _aAltavilla, Enrico
_eAuteur
245 1 3 _aLa Condotta Anomala Nel Diritto Civile E Nel Diritto Penale.
_nI
_pNormalità E Anormalità /
_cEnrico Altavilla.
264 1 _aTorinese :
_bUnione Tipografico-editrice,
_c1960.
300 _aVi - xx, 470 page;
_c 24 cm.
336 _2rda contenu
_a texte
337 _2rda medias
_aOrdinateur
338 _2 transporteur rda
_a Ressource en ligne
650 1 _aDroit Pénal Général
_2qrmak
650 1 _aDroit De Pénal
_2qrmak
651 1 _2qrmak
856 4 0 _uhttps://fll.law.cu.edu.eg/fulltext/bks/B10-10338.pdf
905 _a54
942 _2ddc
_cBK
_e21
_n0
999 _c73891
_d73891